000 00592nam a22001817a 4500
003 UA-OsUOA
001 18188
007 ta
008 20040422b un ||||| |||| 00| 0 ukr d
100 _aГордич В.
942 _cSA
040 _aUA-OsUOA
_cUA-OsUOA
_dUA-OsUOA
245 _aДві прем'єри з бенефісом
_b[в Рівнен. обл. муз.-драм. театрі приурочені до міжнар. дня театру]
300 _aС.14
955 _a0
773 0 _w0
_tСім днів
_dРівне
_d2004
_g№14/ 2 квіт./
650 7 _aБенефіс
_2UDC
999 _c304358
_d304358